Statistics for Names Of Chemicals By Chemical Formulas

Click here to take the quiz!

General Stats

  • This quiz has been taken 97 times
  • The average score is 5 of 10

Answer Stats

HintAnswer% Correct
H20Water
100%
O2Oxygen Molecule
84%
NaClCommon Salt
77%
C6H12O6Glucose
59%
Ca(OH)2Calcium Hydroxide
46%
Ag(NO)3Silver Nitrate
43%
H2CO3Carbonic Acid
40%
SO2Sulphur Dioxide
24%
CCl4Carbon Tetrachloride
23%
KMnO4Potassium Manganate
17%

Score Distribution

Percentile by Number Answered

Percent of People with Each Score

Your Score History

You have not taken this quiz